[Event "Mar del Plata op 54th"]
[Site "Mar del Plata"]
[Date "2025.04.13"]
[Round "2"]
[White "Moreno Perez, Tobias Sebastian"]
[Black "Delicio, Felipe Benjamin"]
[Result "1-0"]
[WhiteElo "2322"]
[BlackElo "1932"]
[PlyCount "43"]
[EventDate "2025.04.12"]
[EventType "swiss"]
[EventRounds "9"]
[EventCountry "ARG"]
[SourceTitle "CB17_2025"]
[SourceDate "2025.04.23"]
[SourceVersion "1"]
[SourceVersionDate "2025.04.23"]
[SourceQuality "1"]

1. Nf3 d5 2. d4 Nf6 3. c4 c6 4. cxd5 cxd5 5. Nc3 Nc6 6. Bf4 a6 7. Rc1 Bg4 8. Ne5 Bf5 9. e3 e6 10. Qb3 Nd7 11. Qxb7 Ncxe5 12. Bxe5 Nxe5 13. dxe5 Rb8 14. Qxa6 f6 15. g4 Bxg4 16. Qa4+ Kf7 17. Qxg4 Rxb2 18. Bd3 f5 19. Bxf5 exf5 20. Qxf5+ Ke8 21. Qe6+ Be7 22. 0-0 1-0